• 首页
  • 本馆介绍
  • 公告通知
  • 最新文献
  • 馆藏检索
  • 电子资源
  • 读者导购
  • 参考咨询
  • 我的图书馆
  • 登录
  • 详细信息显示
  • 放入我的书架
  • 预约/预借图书
  • 作者相关作品
  • 分类相关作品
  • 丛书相关作品
  • 出版社相关作品

书目信息

  • 表格格式
  • 工作单格式
  • 卡片格式
题名:
机械识图
    
 
作者: ;国家机械委 编
分册:  
出版信息: 北京   机械工业出版社  1989.2
页数: 54页
开本: 19×26厘米
丛书名: 机械工人技术理论培训教材配套习题集
单 册:
中图分类: TH126.1
科图分类:
主题词: 机械制图--技术教育--习题
电子资源:
ISBN: 978-7-111-01485-0
000 00805cam2 2200241 450
001 0100267409
005 20060511090915.0
010    @a978-7-111-01485-0@dCNY1.55
100    @a19900806d1989 m y0chiy0110 ea
101 0  @achi
102    @aCN@b110000
105    @ay q 000yy
106    @ar
200 1  @a机械识图@9Ji Xie Shi;Zhi Tu @f国家机械委技工培训教材编审组编@b专著
210    @a北京@c机械工业出版社@d1989.2
215    @a54页@d19×26厘米
225 2  @a机械工人技术理论培训教材配套习题集
410  0 @12001 @a机械工人技术理论培训教材配套习题集
606 0  @a机械制图@x技术教育@x习题
690    @aTH126.1@v1980
711 02 @a国家机械委@b技工培训教材编审组@9guo jia ji xie wei ji gong pei xun jiao cai bian shen zu@4编
801  0 @aCN@bAiZhiMarc@c19900806
905    @aBZT@dTH126.1@e7@f1@sTH126.1/7
    
    机械识图/国家机械委技工培训教材编审组编.-北京:机械工业出版社,1989.2
    54页;19×26厘米.-(机械工人技术理论培训教材配套习题集)
    
    
    ISBN 978-7-111-01485-0:CNY1.55
    
●
相关链接 在五车中查询图书 在当当中查询图书 在豆瓣中查询图书


正题名:机械识图     索取号:TH126.1/7         预约/预借

序号 登录号 条形码 馆藏地/架位号 状态 备注
1 2000072129   2000072129   旧书回溯/ [索取号:TH126.1/7] 在馆    
山东省滨州职业学院图书馆 欢迎您!
大连网信软件有限公司© 版权所有